| 000 | 00581nam a2200181Ia 4500 | ||
|---|---|---|---|
| 005 | 20250508155549.0 | ||
| 008 | 008 250505s9999 xx 000 0 eng d | ||
| 037 | _aTextual | ||
| 040 |
_aFEDL _beng _cFEDL |
||
| 041 |
_aeng _2eng |
||
| 084 |
_a371.26, NCE _qFEDL |
||
| 245 | 0 | _aSpecimen test items for secondary schools : General science | |
| 260 |
_aNew Delhi, India _bNational Council of Educational Research and Training _c1961 |
||
| 300 | _a65p | ||
| 650 | _aEducational - Tests and Measurement | ||
| 942 |
_cTEXL _h371.26, NCE |
||
| 999 |
_c1357801 _d1357801 |
||